LEADER 01092nam a2200277 i 4500 001 000000145191 003 CaOOAMICUS 005 20051118000000.0 008 051118s1971 it u000 u ita u 013 $a120583 040 $aSeMil$bita 100 1 $aMihajlov, Mihajlo.$0(OLS)http://semarc/name/57927 245 13$aLa fuga dalla provetta /$cMihajlo Mihajlov ; traduzione di Vincenzo Mantovani. 260 $aMilano :$bArnoldo Mondadori Editore,$c1971. 300 $a316 p. ;$c21 cm. 490 0 $aSaggi ;$v32 500 $aFondo Ciprandi. 650 4$aLetteratura russa - Sec. 19.-20.$0(OLS)http://semarc/subject/28415 700 1 $aMantovani, Vincenzo,$d<1935- >.$0(OLS)http://semarc/name/43015 830 0$aSaggi ;$v32.$0(OLS)http://semarc/title/341 850 $aSeMil 852 $aSeMil$W1$xVenegono$y1$m1W I 189$j98009$B98009$CSeMilBibl$Z2$F105898 $81 941 1 $a1 961 $aOmaggio: Ciprandi dott. Paolo 996 $6245$aLa fuga dalla provetta$9(OLS)http://semarc/title/212368 996 $6260$aMilano :$bArnoldo Mondadori Editore$9(OLS)http://semarc/publisher/30056 LEADER 01499nam a2200301 i 4500 001 000000160508 003 CaOOAMICUS 005 20070326000000.0 008 070326s2007 it u000 u fre u 013 $a137871 020 $a978-88-7367-058-2 040 $aSeMil$bita 100 1 $aZakhary, Milad Sidky .$0(OLS)http://semarc/name/42308 245 10$aDe la Trinité à la Trinité :$bla christologie liturgique d'Ibn Sabba', auteur copte du 13. siècle /$cMilad Sidky Zakhary ; préface de Vincenzo Poggi. 260 $aRoma :$bEdizioni Liturgiche,$c2007. 300 $a583 p. ;$c24 cm. 490 0 $aBibliotheca Ephemerides Liturgicae. Subsidia ;$v140 500 $aContiene : Bibliographie. 650 4$aCristologia liturgica.$0(OLS)http://semarc/subject/17427 650 4$aTeologia copta - Sec. 13.$0(OLS)http://semarc/subject/17428 700 1 $aPoggi, Vincenzo,$c.$0(OLS)http://semarc/name/90421 830 0$aBibliotheca Ephemerides Liturgicae. Subsidia ;$v140.$0(OLS)http://semarc/title/38 850 $aSeMil 852 $aSeMil$W1$xVenegono$y1$m3KA A 140$j226787$B111977$CSeMilBibl$Z2$F122004 $81 961 $aSottoscrizione: CLV Edizioni Liturgiche 996 $6020$a978-88-7367-058-2$9(OLS)http://semarc/number/76360 996 $6245$aDe la Trinité à la Trinité :$bla christologie liturgique d'Ibn Sabba', auteur copte du 13. siècle$9(OLS)http://semarc/title/143220 996 $6260$aRoma :$bEdizioni Liturgiche$9(OLS)http://semarc/publisher/33221